| 000 | 00813nam a22002657a 4500 | ||
|---|---|---|---|
| 003 | CHAP | ||
| 005 | 20220329134903.0 | ||
| 008 | 971013s1972 r 00010 d | ||
| 010 | _a27537 | ||
| 011 | _a28509 | ||
| 035 | _a32613 | ||
| 040 | _cCHAP | ||
| 082 |
_a691 _bK49Y |
||
| 100 | 0 | 0 |
_aKeyser, Carl A. _963130 |
| 245 | _aTécnicas de laboratorio par pruebas de materiales | ||
| 260 |
_aMéxico, D. F. : _bLimusa-Wiley, _c1972 |
||
| 300 |
_a98 p. _b: ilus. |
||
| 590 |
_aBATCH-UPD _b10 _c20130110 _lUCH01 _h1608 |
||
| 590 |
_aCONVERSION _b10 _c20130109 _lUCH01 _h1316 |
||
| 650 | 1 | 4 |
_aResistencia de materiales. _996123 |
| 901 | _aBK | ||
| 942 | _cLIBRO | ||
| 949 |
_a691 K49Y _bBC _cLIBRO _d33724000108155 _eLIBRO _h16813 _i32613 _si |
||
| 949 |
_a691 K49Y _bBC _cLIBRO _d33724000108163 _eLIBRO _fc.2 _h16836 _i32613 _sb |
||
| 999 |
_c27537 _d27537 |
||